[Event "Druzynowe  Mistrzostwa Polski w Szachach - I liga"]
[Site "Poronin-Limba"]
[Date "1899-12-30"]
[Round "1.1"]
[White "Hnydiuk, Aleksander"]
[Black "Rudolf, Michal"]
[Result "1-0"]
[WhiteTitle "IM"]
[BlackTitle "FM"]
[WhiteElo "2409"]
[BlackElo "2360"]

1. Nf3 Nf6 2. c4 g6 3. d4 Bg7 4. g3 O-O 5. Bg2 d6 6. Nc3 c6 7. O-O Qb6 8. b3 e5
9. d5 cxd5 10. cxd5 Bd7 11. Nd2 Rc8 12. Nc4 Qa6 13. Bb2 b5 14. Nd2 b4 15. Nce4
Nxe4 16. Nxe4 Qb6 17. Bc1 Bb5 18. Be3 Qd8 19. a3 bxa3 20. Rxa3 Qe7 21. Qd2 a6
22. Rfa1 Nd7 23. Nc3 Rab8 24. Rc1 Qd8 25. Nxb5 axb5 26. Rc6 Bf8 27. Bh3 f5 28.
Bg5 Qe8 29. e4 Rxc6 30. dxc6 Nb6 31. c7 Rc8 32. Bd8 Be7 33. exf5 Bxd8 34. cxd8=Q
Rxd8 35. Ra7 Rd7 36. Ra6 Qd8 37. fxg6 Rg7 38. Qa5 1-0

[Event "Druzynowe  Mistrzostwa Polski w Szachach - I liga"]
[Site "Poronin-Limba"]
[Date "1899-12-30"]
[Round "1.2"]
[White "Warszawski, Bartosz"]
[Black "Plat, Vojtech"]
[Result "0-1"]
[WhiteTitle "m"]
[BlackTitle "GM"]
[WhiteElo "2202"]
[BlackElo "2539"]

1. e4 c5 2. Nf3 Nc6 3. d4 cxd4 4. Nxd4 Qb6 5. Nb3 Nf6 6. Nc3 e6 7. Be3 Qd8 8. Bd3
Bb4 9. O-O O-O 10. f4 d6 11. Qf3 Bxc3 12. bxc3 Qc7 13. Qg3 b6 14. Nd4 Bb7 15.
Nxc6 Bxc6 16. Bd4 Qe7 17. e5 Nh5 18. Qh3 g6 19. Rae1 Rad8 20. Re3 dxe5 21. Bxe5
Qc5 22. Rf2 f6 23. Bd4 Qd6 24. Qxe6+ Qxe6 25. Rxe6 Bd5 26. Re7 Rf7 27. Rxf7 Kxf7
28. g4 Ng7 29. g5 f5 30. a3 Ne6 31. Be5 Nc5 32. Bd4 Rc8 33. Re2 Na4 34. Bf6 Be6
35. c4 Nc5 36. Kf2 Nd7 37. Bc3 Bxc4 38. Bb4 Be6 39. Ba6 Rc7 40. Bb5 Nc5 41. Bd3
a5 42. Bd2 Rd7 43. Ke3 Re7 44. Kf2 Rc7 45. Re1 Nxd3+ 46. cxd3 Rc2 47. Ke3 Ra2
48. Rb1 Rxa3 49. Rxb6 Bc4 50. Bxa5 Rxd3+ 51. Kf2 Bd5 52. Rf6+ Ke8 53. Bc7 Rd2+
54. Ke3 Rxh2 55. Kd4 Bf7 56. Be5 Rd2+ 57. Ke3 Rd7 58. Rb6 Ba2 59. Ra6 Bb1 60.
Rb6 Be4 61. Rb8+ Kf7 62. Rb6 Rd3+ 63. Ke2 Rh3 64. Kf2 Ke7 65. Ra6 Rb3 66. Bf6+
Kd7 67. Be5 Bc6 68. Ke1 Rh3 69. Kd2 h5 70. gxh6 Rxh6 71. Kc3 Rh1 72. Kd4 Rd1+
73. Kc4 Rc1+ 74. Kd4 Ke6 75. Bb8 Ke7 76. Ra7+ Kf6 77. Be5+ Ke6 78. Rg7 Rd1+ 79.
Ke3 Rg1 80. Bb8 Kd5 81. Kf2 Rg4 82. Ke3 Rg2 83. Rg8 Kc5 84. Be5 Bd7 85. Rd8 Be6
86. Rd2 Rg1 87. Bd4+ Kc6 88. Be5 Bd5 89. Rc2+ Kd7 90. Rb2 Rg3+ 91. Kd4 Be4 92.
Rb6 Bc6 93. Kc5 Rg1 94. Ra6 Rb1 95. Ra7+ Bb7 96. Ra3 Ke6 97. Rg3 Kf7 98. Rh3 Rc1+
99. Kd4 Ba6 100. Rh7+ Ke6 101. Rg7 Rg1 102. Bb8 Rg3 103. Bc7 Be2 104. Bb8 Rd3+
105. Kc5 Rd5+ 106. Kc6 Bb5+ 107. Kb6 Be8 108. Be5 Rb5+ 109. Kc7 Rxe5 110. fxe5
f4 111. Kd8 Bf7 112. Rxf7 Kxf7 113. Kd7 f3 114. e6+ Kg7 115. e7 f2 116. e8=Q f1=Q
117. Qe5+ Qf6 118. Qe3 g5 119. Qg3 Kg6 120. Kc8 Qf4 121. Qa3 g4 122. Qe7 Qc4+
123. Kb8 Qg8+ 0-1

[Event "Druzynowe  Mistrzostwa Polski w Szachach - I liga"]
[Site "Poronin-Limba"]
[Date "1899-12-30"]
[Round "1.3"]
[White "Nguyen, Piotr"]
[Black "Chalupnik, Marcin"]
[Result "1-0"]
[WhiteTitle "IM"]
[BlackTitle "k++"]
[WhiteElo "2409"]
[BlackElo "2176"]

1. d4 d5 2. c4 Nc6 3. Nf3 Bg4 4. Nc3 e6 5. cxd5 exd5 6. Qb3 Bb4 7. Ne5 Bxc3+ 8.
bxc3 Nxe5 9. dxe5 b6 10. e4 Ne7 11. Ba3 dxe4 12. Bb5+ Kf8 13. Bc6 Qd3 14. Bxe7+
Kxe7 15. Bb5 Qd8 16. Qb4+ c5 17. Qxe4 h5 18. O-O Qc7 19. h3 Be6 20. Rad1 Rhd8
21. Rd6 Kf8 22. Rfd1 g6 23. Qd3 Rxd6 24. exd6 Qb7 25. d7 Rd8 26. Qd6+ Kg7 27.
Bc6 Qa6 28. Qe5+ Kh7 29. Qf6 Qe2 30. Bf3 Ra8 1-0

[Event "Druzynowe  Mistrzostwa Polski w Szachach - I liga"]
[Site "Poronin-Limba"]
[Date "1899-12-30"]
[Round "1.4"]
[White "Rams, Michal"]
[Black "Wcislo, Damian"]
[Result "0-1"]
[WhiteTitle "k+"]
[BlackTitle "k+"]
[WhiteElo "2183"]
[BlackElo "2403"]

1. e4 c5 2. Nf3 Nc6 3. Bb5 e6 4. O-O Nge7 5. Re1 a6 6. Bxc6 Nxc6 7. d4 cxd4 8.
Nxd4 d6 9. Nc3 Be7 10. Nxc6 bxc6 11. Qg4 g5 12. Qh5 e5 13. Be3 O-O 14. Qe2 Rb8
15. b3 d5 16. exd5 cxd5 17. Na4 d4 18. Bd2 f6 19. Qc4+ Kh8 20. c3 d3 21. Re3 Bf5
22. Qxa6 h5 23. Rd1 Qd7 24. Qc4 Kg7 25. Nc5 Qc6 26. Nxd3 Qxc4 27. bxc4 Rfd8 28.
Be1 Ba3 29. Rd2 Rb1 30. f3 Rxd3 0-1

[Event "Druzynowe  Mistrzostwa Polski w Szachach - I liga"]
[Site "Poronin-Limba"]
[Date "1899-12-30"]
[Round "1.5"]
[White "Kowalczyk, Pawel"]
[Black "Kaim, Piotr"]
[Result "1-0"]
[WhiteTitle "k+"]
[BlackTitle "m"]
[WhiteElo "2330"]
[BlackElo "2138"]

1. e4 e5 2. Nc3 Nc6 3. g3 Nf6 4. Bg2 Bc5 5. d3 d6 6. Na4 Bb6 7. Nxb6 axb6 8. Nf3
d5 9. exd5 Nxd5 10. O-O O-O 11. h3 Qd6 12. Re1 Bf5 13. a3 Rfe8 14. b3 Nd4 15.
Bb2 c5 16. c3 Nc6 17. d4 exd4 18. cxd4 Rxe1+ 19. Qxe1 Qf6 20. Qd2 Be4 21. dxc5
Qh6 22. Qxh6 gxh6 23. Re1 Bc2 24. Nd2 Nde7 25. cxb6 Rd8 26. Bf6 Rxd2 27. Bxc6
Rd6 28. Rxe7 Rxf6 29. Bxb7 Bxb3 30. Bc6 1-0

[Event "Druzynowe  Mistrzostwa Polski w Szachach - I liga"]
[Site "Poronin-Limba"]
[Date "1899-12-30"]
[Round "1.6"]
[White "Bednarska-bzdega, Malgorzata"]
[Black "Majdan, Joanna"]
[Result "0-1"]
[WhiteTitle "WFM"]
[BlackTitle "WGM"]
[WhiteElo "2008"]
[BlackElo "2361"]

1. e4 c5 2. Nf3 d6 3. d4 cxd4 4. Nxd4 Nf6 5. Nc3 Bd7 6. g3 Nc6 7. Bg2 g6 8. Nde2
Bg7 9. O-O O-O 10. Nd5 Nxd5 11. exd5 Ne5 12. Nd4 Qc8 13. c3 Bh3 14. Bg5 Re8 15.
Qb3 Rb8 16. a4 Bxg2 17. Kxg2 Qg4 18. Bd2 Qe4+ 19. f3 Qd3 20. Qc2 Rec8 21. Qxd3
Nxd3 22. Ne2 Nxb2 23. Ra2 Nc4 24. Rc1 Rc5 25. Nf4 g5 26. Nh5 Rxd5 27. Nxg7 Kxg7
28. Be1 Rc8 29. Rb1 b6 30. Re2 e5 31. g4 Rd3 32. Kf2 h5 33. gxh5 f5 34. h4 gxh4
35. Kg1 h3 36. f4 Kh6 37. Kh2 Kxh5 38. Bg3 Rg8 39. Rg1 Nd2 0-1

[Event "Druzynowe  Mistrzostwa Polski w Szachach - I liga"]
[Site "Poronin-Limba"]
[Date "1899-12-30"]
[Round "1.7"]
[White "Karpus, Michal"]
[Black "Cukrowski, Filip"]
[Result "1-0"]
[WhiteTitle "FM"]
[BlackTitle "FM"]
[WhiteElo "2267"]
[BlackElo "2414"]

1. e4 c5 2. Nf3 d6 3. d4 cxd4 4. Nxd4 Nf6 5. Nc3 Nc6 6. Bg5 e6 7. Qd2 a6 8. O-O-O
Bd7 9. f4 Be7 10. Nf3 b5 11. Bxf6 gxf6 12. Kb1 Qb6 13. f5 h5 14. fxe6 fxe6 15.
g3 O-O-O 16. Bh3 Kb8 17. Ne2 Ne5 18. Nfd4 Nc4 19. Qe1 f5 20. exf5 e5 21. Nf4 exd4
22. Qxe7 Ne3 23. Rd2 Bc6 24. Rc1 Nc4 25. Rd3 Ne5 26. Rdd1 Bf3 27. Re1 Rde8 28.
Qg5 Qc6 29. Ne6 Qc4 30. Qf4 d3 31. cxd3 Qxd3+ 32. Ka1 Rc8 33. f6 Rxc1+ 34. Qxc1
Rh7 35. Nf4 Qd4 36. Qc8+ Ka7 37. Be6 Bb7 38. Qc2 Rh6 39. Rd1 Qb6 40. Nd5 Qd8 41.
Qd2 Bxd5 42. Qxh6 1-0

[Event "Druzynowe  Mistrzostwa Polski w Szachach - I liga"]
[Site "Poronin-Limba"]
[Date "1899-12-30"]
[Round "1.8"]
[White "Sabuk, Piotr"]
[Black "Krainski, Slawomir"]
[Result "1-0"]
[WhiteTitle "IM"]
[BlackTitle "k"]
[WhiteElo "2376"]
[BlackElo "2138"]

1. e4 e5 2. Nf3 Nc6 3. Bb5 Nge7 4. Nc3 g6 5. d4 exd4 6. Nd5 Bg7 7. Bg5 h6 8. Bf6
Bxf6 9. Nxf6+ Kf8 10. Qd2 d5 11. Bxc6 Nxc6 12. Nxd5 Bf5 13. Qf4 Bxe4 14. Qxe4
Qd6 15. Nxc7 Qxc7 16. O-O-O Re8 17. Qh4 Qd8 18. Qxd8 Rxd8 19. Rd3 Rd5 20. Rhd1
Rf5 21. R1d2 Kg7 22. Nxd4 Nxd4 23. Rxd4 Re8 24. Kd1 Rh5 25. h3 Rhe5 26. c3 Rg5
27. f4 Ra5 28. a3 Re6 29. Rd7 Rb6 30. Kc2 Rf5 31. g3 h5 32. h4 Rfb5 33. b4 a5
34. a4 Rf5 35. b5 Rc5 36. Re2 Rc8 37. Ree7 Rf6 38. Rxb7 Rf5 39. Rbc7 1-0

[Event "Druzynowe  Mistrzostwa Polski w Szachach - I liga"]
[Site "Poronin-Limba"]
[Date "1899-12-30"]
[Round "1.9"]
[White "Szczesniak, Andrzej"]
[Black "Goluch, Piotr"]
[Result "0-1"]
[WhiteTitle "II+"]
[BlackTitle "FM"]
[WhiteElo "1960"]
[BlackElo "2275"]

1. d4 Nf6 2. c4 c5 3. d5 e6 4. Nc3 exd5 5. cxd5 d6 6. Nf3 g6 7. Bg5 h6 8. Bh4 Bg7
9. e3 O-O 10. Be2 b6 11. a4 Na6 12. O-O Nb4 13. Nd2 Re8 14. e4 a6 15. f4 Qc7 16.
Bg3 Rb8 17. e5 Nfxd5 18. Nxd5 Nxd5 19. Nc4 Nxf4 20. exd6 Nxe2+ 21. Qxe2 Qc6 22.
Ne5 Qxd6 23. Nxf7 Rxe2 24. Nxd6 Bd4+ 25. Kh1 Bb7 26. Nxb7 Rxb7 27. Rae1 Rbe7 28.
b3 b5 29. axb5 axb5 30. Rd1 Rf7 31. Rxf7 Kxf7 32. b4 Ke6 33. bxc5 Bxc5 34. h4
b4 35. Rd8 b3 36. Re8+ Be7 37. Rb8 b2 38. Rb5 Bc5 39. Kh2 Kd5 40. Rb7 Kc4 41.
h5 g5 0-1

[Event "Druzynowe  Mistrzostwa Polski w Szachach - I liga"]
[Site "Poronin-Limba"]
[Date "1899-12-30"]
[Round "1.10"]
[White "Krupa, Monika"]
[Black "Pacuszka, Wioletta"]
[Result "1-0"]
[WhiteTitle "WGM"]
[BlackTitle "I++"]
[WhiteElo "2230"]
[BlackElo "1919"]

1. e4 c5 2. Nf3 e6 3. c3 d5 4. e5 Nc6 5. d4 g6 6. h4 h5 7. a3 c4 8. Bg5 Be7 9.
Nbd2 Bd7 10. Be2 b5 11. b3 Rb8 12. a4 bxa4 13. bxc4 Na5 14. cxd5 exd5 15. e6 fxe6
16. Qc2 Kf8 17. Qxg6 Be8 18. Qxe6 Bf7 19. Qf5 Qe8 20. Ne5 Kg7 21. Rh3 Nh6 22.
Bxh6+ Rxh6 23. Rg3+ Bg6 24. Nxg6 Bd6 25. Ne5+ 1-0

[Event "Druzynowe  Mistrzostwa Polski w Szachach - I liga"]
[Site "Poronin-Limba"]
[Date "1899-12-30"]
[Round "1.11"]
[White "Gritsak, Orest"]
[Black "Tazbir, Marcin"]
[Result "1/2-1/2"]
[WhiteTitle "GM"]
[BlackTitle "GM"]
[WhiteElo "2474"]
[BlackElo "2519"]

1. Nf3 g6 2. d4 Nf6 3. g3 Bg7 4. Bg2 O-O 5. O-O d5 6. c3 Nbd7 7. a4 a5 8. Na3 c6
9. Bf4 Nh5 10. Bg5 h6 11. Bd2 f5 12. c4 e6 13. b4 axb4 14. Bxb4 Re8 15. Qb3 Nhf6
16. e3 Ne4 17. Rfc1 g5 18. Be1 g4 19. Nh4 Nf8 20. f3 gxf3 21. Bxf3 Bf6 22. Ng2
Ng6 23. Nf4 Kh7 24. Nh5 Bh8 25. Ra2 Nf6 26. Nxf6+ Bxf6 27. Nc2 Rg8 28. Kh1 Qe7
29. Bb4 Qg7 30. cxd5 exd5 31. Qd3 1/2-1/2

[Event "Druzynowe  Mistrzostwa Polski w Szachach - I liga"]
[Site "Poronin-Limba"]
[Date "1899-12-30"]
[Round "1.12"]
[White "Cyborowski, Lukasz"]
[Black "Stoma, Pawel"]
[Result "1-0"]
[WhiteTitle "GM"]
[BlackTitle "m"]
[WhiteElo "2522"]
[BlackElo "2348"]

1. d4 Nf6 2. Nf3 d5 3. c4 c6 4. Nc3 Qb6 5. g3 Bf5 6. Bg2 e6 7. O-O Nbd7 8. Nh4
Bg6 9. cxd5 cxd5 10. Nxg6 hxg6 11. e4 dxe4 12. Nxe4 Rd8 13. Nxf6+ Nxf6 14. Qa4+
Rd7 15. Be3 Nd5 16. Bxd5 exd5 17. Rac1 Qd8 18. Bf4 a6 19. Rfe1+ Be7 20. Bc7 b5
21. Bxd8 1-0

[Event "Druzynowe  Mistrzostwa Polski w Szachach - I liga"]
[Site "Poronin-Limba"]
[Date "1899-12-30"]
[Round "1.13"]
[White "Miroslaw, Michal"]
[Black "Nurkiewicz, Maciej"]
[Result "0-1"]
[WhiteTitle "FM"]
[BlackTitle "m"]
[WhiteElo "2270"]
[BlackElo "2365"]

1. e4 c5 2. Nf3 e6 3. d4 cxd4 4. Nxd4 Nc6 5. Nc3 Qc7 6. Be3 a6 7. a3 Nf6 8. f4
d6 9. Bd3 Be7 10. O-O O-O 11. Qf3 Bd7 12. Rae1 b5 13. Nxc6 Bxc6 14. Qh3 e5 15.
f5 Qb7 16. Bd2 Rfe8 17. Bg5 b4 18. axb4 Qxb4 19. Bxf6 Bxf6 20. Nd1 d5 21. exd5
Bxd5 22. Nc3 Bc6 23. Ne4 Qxb2 24. Kh1 a5 25. Qg4 Bxe4 26. Rxe4 Red8 27. Ra4 h6
28. Qe4 Ra7 29. g3 Rd4 30. Qc6 Rxa4 31. Qxa4 Qd4 32. Ra1 e4 33. Qe8+ Kh7 34. Ra4
Qf2 35. Qxe4 Re7 36. Qxe7 Bxe7 37. f6+ g6 38. fxe7 Qe1+ 39. Kg2 Qxe7 40. h4 Qb7+
41. Kh2 Qd5 42. Rf4 Kg7 43. Kg1 Qd7 44. Kg2 a4 45. Bc4 f5 46. Bd3 a3 47. Bc4 g5
48. hxg5 hxg5 0-1

[Event "Druzynowe  Mistrzostwa Polski w Szachach - I liga"]
[Site "Poronin-Limba"]
[Date "1899-12-30"]
[Round "1.15"]
[White "Praszak, Michal"]
[Black "Sliwerski, Radoslaw"]
[Result "0-1"]
[WhiteTitle "m"]
[BlackTitle "k++"]
[WhiteElo "2150"]
[BlackElo "1969"]

1. d4 Nf6 2. c4 e6 3. Nf3 d5 4. g3 dxc4 5. Qa4+ Bd7 6. Qxc4 Bc6 7. Bg2 Nbd7 8.
Nc3 Be7 9. O-O O-O 10. Rd1 Nb6 11. Qd3 Bb4 12. Bf4 Nbd5 13. Nxd5 Bxd5 14. Rac1
Be4 15. Qb3 Bd6 16. Ne5 Bxg2 17. Kxg2 Rb8 18. Bg5 Be7 19. Bxf6 Bxf6 20. e4 Bxe5
21. dxe5 Qe7 22. Qa4 c6 23. Rd6 Qc7 24. Rcd1 Qb6 25. Qd4 Qxd4 26. R1xd4 c5 27.
Rd3 Rfc8 28. Rd7 a6 29. Rf3 Rf8 30. a4 b5 31. a5 c4 32. Rd6 b4 33. Re3 Rfc8 34.
Re1 c3 35. bxc3 bxc3 36. Rc1 g5 37. Rxa6 Rb5 38. Rb6 Rxa5 39. Rb3 Rxe5 40. f3
c2 41. Kf2 Rec5 42. Ke2 Rc3 43. Rb4 Kg7 44. Rd4 Kf6 45. Rd3 Ke5 46. Ke3 f5 47.
f4+ gxf4+ 48. gxf4+ Kf6 49. e5+ Kg6 50. Rxc3 Rxc3+ 51. Kd2 Rc4 52. Rg1+ Kh5 53.
Kc1 Rxf4 54. Rg7 Re4 55. Kxc2 h6 56. Kd3 Rxe5 57. Kd4 Re4+ 58. Kd3 Kh4 59. Rg6
h5 60. Rg3 e5 61. Rg1 Rg4 62. Re1 e4+ 63. Ke3 Rg2 64. Rf1 Kg5 65. h4+ Kf6 66.
Ra1 Rg3+ 67. Kf2 Rh3 68. Ra5 Rxh4 69. Kg3 Rg4+ 70. Kf2 Kg5 71. Ke2 0-1

[Event "Druzynowe  Mistrzostwa Polski w Szachach - I liga"]
[Site "Poronin-Limba"]
[Date "1899-12-30"]
[Round "1.17"]
[White "Antoniewski, Rafal"]
[Black "Butkiewicz, Lukasz"]
[Result "1-0"]
[WhiteTitle "GM"]
[BlackTitle "IM"]
[WhiteElo "2538"]
[BlackElo "2462"]

1. d4 Nf6 2. c4 e6 3. Nf3 c5 4. d5 b5 5. e4 bxc4 6. Nc3 d6 7. dxe6 Bxe6 8. Ng5
Qd7 9. Nxe6 Qxe6 10. Qa4+ Qd7 11. Qxd7+ Nbxd7 12. Bxc4 Be7 13. O-O O-O 14. Rd1
Ne5 15. Be2 a6 16. Bf4 Rfb8 17. Rd2 Ne8 18. Nd5 Bd8 19. Rad1 Kf8 20. Kf1 Ba5 21.
Rc2 Nc6 22. Be3 Bd8 23. f4 f6 24. a3 a5 25. Nc3 Be7 26. Bc4 Nc7 27. b3 Rc8 28.
Rcd2 Rd8 29. g4 g6 30. h4 Kg7 31. g5 Nd4 32. Kg2 Rf8 33. Bxd4 cxd4 34. Ne2 fxg5
35. hxg5 Rab8 36. a4 h6 37. gxh6+ Kxh6 38. Rxd4 g5 39. Rxd6+ Bxd6 40. Rxd6+ Kh5
41. Kf3 Rh8 42. Ng3+ Kh4 43. Nf5+ Kh3 44. Bf1+ Kh2 45. Rd2+ 1-0

[Event "Druzynowe  Mistrzostwa Polski w Szachach - I liga"]
[Site "Poronin-Limba"]
[Date "1899-12-30"]
[Round "1.18"]
[White "Brodowski, Piotr"]
[Black "Maksimenko, Andrei"]
[Result "0-1"]
[WhiteTitle "IM"]
[BlackTitle "GM"]
[WhiteElo "2439"]
[BlackElo "2484"]

1. c4 c6 2. Nf3 d5 3. b3 Bg4 4. Bb2 Nd7 5. g3 dxc4 6. bxc4 Bxf3 7. exf3 e5 8. Bg2
Ngf6 9. O-O Bd6 10. f4 exf4 11. Re1+ Kf8 12. g4 h5 13. g5 Ng4 14. Qf3 Nde5 15.
Qe4 Qxg5 16. f3 Re8 17. Na3 Nf6 18. Qe2 Qf5 19. d4 Nd3 20. Qc2 Rxe1+ 21. Rxe1
Qa5 22. Bc3 Nxe1 23. Qb3 0-1

[Event "Druzynowe  Mistrzostwa Polski w Szachach - I liga"]
[Site "Poronin-Limba"]
[Date "1899-12-30"]
[Round "1.19"]
[White "Jaracz, Pawel"]
[Black "Luch, Michal"]
[Result "1/2-1/2"]
[WhiteTitle "GM"]
[BlackTitle "IM"]
[WhiteElo "2469"]
[BlackElo "2383"]

1. e4 Nf6 2. e5 Nd5 3. d4 d6 4. Nf3 dxe5 5. Nxe5 c6 6. Be2 Bf5 7. O-O Nd7 8. Nf3
e6 9. a3 Bd6 10. g3 h6 11. c4 N5f6 12. Nc3 O-O 13. Be3 Ng4 14. Bd2 Ngf6 15. Be3
Ng4 16. Bd2 Ngf6 17. Be3 1/2-1/2

[Event "Druzynowe  Mistrzostwa Polski w Szachach - I liga"]
[Site "Poronin-Limba"]
[Date "1899-12-30"]
[Round "1.20"]
[White "Skawinski, Arkadiusz"]
[Black "Krysztofiak, Marcin"]
[Result "1-0"]
[WhiteTitle "FM"]
[BlackTitle "IM"]
[WhiteElo "2391"]
[BlackElo "2383"]

1. d4 Nf6 2. Nf3 b6 3. Bf4 Bb7 4. h3 c5 5. c3 g6 6. e3 Bg7 7. Nbd2 O-O 8. Bd3 d6
9. Qe2 Nbd7 10. O-O Re8 11. Ba6 Qc8 12. Bxb7 Qxb7 13. Bh2 Ne4 14. Nxe4 Qxe4 15.
Qa6 Reb8 16. a4 Qb7 17. Qxb7 Rxb7 18. Ra2 a6 19. Rb1 Rc8 20. Kf1 h6 21. Rd1 cxd4
22. Nxd4 d5 23. Nc2 e6 24. Nb4 a5 25. Nc2 b5 26. axb5 Rxb5 27. e4 Nb6 28. exd5
Nxd5 29. Nd4 Rb7 30. Rd2 Nb6 31. Ke1 Nc4 32. Rc2 e5 33. Nf3 Rcb8 34. Nd2 Nxb2
35. Rxa5 Rd8 36. Ke2 Nd3 37. c4 f5 38. Rd5 Rbd7 39. Kxd3 1-0

[Event "Druzynowe  Mistrzostwa Polski w Szachach - I liga"]
[Site "Poronin-Limba"]
[Date "1899-12-30"]
[Round "1.21"]
[White "Borgula, Rafal"]
[Black "Plichta, Kamil"]
[Result "1/2-1/2"]
[WhiteTitle "FM"]
[BlackTitle "FM"]
[WhiteElo "2250"]
[BlackElo "2363"]

1. e4 d6 2. d4 Nf6 3. Nc3 g6 4. f4 Bg7 5. Nf3 O-O 6. Bd3 Nc6 7. e5 dxe5 8. dxe5
Nh5 9. O-O f6 10. exf6 Nxf6 11. h3 Kh8 12. Bc4 Na5 13. Qxd8 Rxd8 14. Bd3 Bf5 15.
Bxf5 gxf5 16. Ne5 Kg8 17. Be3 Nd7 18. Nxd7 Nc4 19. Ne5 Nxe3 20. Rf2 e6 21. Re1
Bxe5 22. fxe5 Nd5 23. Rf3 Nxc3 24. Rxc3 Rd7 25. Kf2 Kf7 26. Ree3 Rad8 27. Rc4
c6 28. Rb3 Rg8 29. Kf3 Ke8 30. Rd3 Rdg7 31. g4 fxg4+ 32. hxg4 h5 33. gxh5 Rg3+
34. Ke2 R3g5 35. Rh3 1/2-1/2

[Event "Druzynowe  Mistrzostwa Polski w Szachach - I liga"]
[Site "Poronin-Limba"]
[Date "1899-12-30"]
[Round "1.22"]
[White "Przezdziecka, Ewa"]
[Black "Jaracz, Barbara"]
[Result "0-1"]
[WhiteTitle "WFM"]
[BlackTitle "WGM"]
[WhiteElo "2183"]
[BlackElo "2244"]

1. d4 d5 2. Bf4 Nf6 3. e3 e6 4. Nf3 Bd6 5. Bg3 O-O 6. Bd3 c5 7. c3 Nc6 8. O-O b6
9. Nbd2 Bb7 10. Ne5 Ne7 11. Qc2 c4 12. Be2 Nf5 13. Bf4 Rc8 14. g4 Nh4 15. Bg5
Ng6 16. f4 Qc7 17. h4 Ne8 18. h5 Ne7 19. Bxe7 Qxe7 20. Qd1 f6 21. Nef3 e5 22.
f5 Bb8 23. Rf2 Nd6 24. Rg2 Rfe8 25. dxe5 fxe5 26. Qf1 b5 27. a4 a6 28. axb5 axb5
29. Qf2 Rcd8 30. Qh4 Qxh4 31. Nxh4 d4 32. Bf3 dxe3 33. Bxb7 Nxb7 34. Nf1 Rd3 35.
Re2 Bc7 36. Ra7 Rb8 37. Ng2 Bb6 38. Ra2 Rd2 39. Ng3 Rbd8 40. Kf1 Rxe2 41. Nxe2
Rd1+ 42. Ne1 Nc5 43. Ng1 Nd3 44. Ngf3 e4 45. Ra8+ Kf7 46. Ng5+ Ke7 47. Rg8 Rxe1+
48. Kg2 e2 49. Rxg7+ Kf6 0-1

[Event "Druzynowe  Mistrzostwa Polski w Szachach - I liga"]
[Site "Poronin-Limba"]
[Date "1899-12-30"]
[Round "1.23"]
[White "Simantsev, Mikhail"]
[Black "Lubczynski, Rafal"]
[Result "1-0"]
[WhiteTitle "GM"]
[BlackTitle "IM"]
[WhiteElo "2486"]
[BlackElo "2418"]

1. d4 d5 2. c4 c6 3. Nf3 Nf6 4. e3 a6 5. Bd3 Bg4 6. Nbd2 e6 7. O-O Nbd7 8. Qc2
Bd6 9. b3 e5 10. cxd5 cxd5 11. dxe5 Nxe5 12. Nxe5 Bxe5 13. Bb2 Rc8 14. Qb1 Qe7
15. Bf5 Bxb2 16. Bxc8 Bxa1 17. Bxg4 Be5 18. Bf3 O-O 19. Rc1 Rd8 20. g3 g6 21.
Qd3 b5 22. Kg2 h5 23. Rc6 Rd6 24. Rc8+ Rd8 25. Rxd8+ Qxd8 26. a4 Qd7 27. axb5
axb5 28. Be2 b4 29. Nf3 Bc3 30. Qa6 Ne4 31. Bb5 Qf5 32. Bd3 Kg7 33. h4 Nc5 34.
Bxf5 Nxa6 35. Bc2 Nc5 36. Kf1 Ne6 37. Ke2 d4 38. Bd3 dxe3 39. Kxe3 Nc5 40. Bc4
f6 41. Ng1 g5 42. Ne2 Bb2 43. Nd4 gxh4 44. gxh4 Kf8 45. Nf5 Be5 46. Ng3 Ke7 47.
Nxh5 f5 48. Nf4 Bxf4+ 49. Kxf4 Kf6 50. Ke3 Kg6 51. Bd5 Kh5 52. Kd4 Nd7 53. Be6
Nf6 54. Bxf5 Kxh4 55. f3 Kg3 56. Be4 Kf4 57. Kc5 1-0

[Event "Druzynowe  Mistrzostwa Polski w Szachach - I liga"]
[Site "Poronin-Limba"]
[Date "1899-12-30"]
[Round "1.24"]
[White "Chojnacki, Krzysztof"]
[Black "Sopur, Lech"]
[Result "1/2-1/2"]
[WhiteTitle "IM"]
[BlackTitle "m"]
[WhiteElo "2364"]
[BlackElo "2394"]

1. d4 f5 2. Nc3 Nf6 3. Bg5 d5 4. f3 g6 5. Qd2 Be6 6. Nh3 Bf7 7. O-O-O Nbd7 8. e4
fxe4 9. fxe4 dxe4 10. d5 Bg7 11. Bh6 O-O 12. Bxg7 Kxg7 13. Nf4 Nb6 14. h4 Qd6
15. h5 gxh5 16. Qe3 Kh8 17. Be2 Qe5 18. Kb1 Rg8 19. Rh3 Rad8 20. Nd3 Qg5 21. Nf4
Qe5 22. Nd3 Qg5 23. Nf4 Qe5 24. Nd3 Qg5 1/2-1/2

[Event "Druzynowe  Mistrzostwa Polski w Szachach - I liga"]
[Site "Poronin-Limba"]
[Date "1899-12-30"]
[Round "1.25"]
[White "Orzech, Dominik"]
[Black "Musialkiewicz, Jan"]
[Result "1-0"]
[WhiteTitle "IM"]
[BlackTitle "k+"]
[WhiteElo "2380"]
[BlackElo "2266"]

1. d4 d5 2. Nf3 c6 3. c4 Nf6 4. Nc3 e6 5. cxd5 exd5 6. Bg5 Be7 7. Qc2 g6 8. e4
dxe4 9. Bxf6 Bxf6 10. Qxe4+ Qe7 11. Bc4 Bf5 12. Qe3 Nd7 13. O-O O-O 14. Qf4 Qb4
15. Bb3 Rae8 16. Rfe1 Be6 17. Bxe6 fxe6 18. Ne4 Bxd4 19. Qd6 Qxd6 20. Nxd6 Rxf3
21. gxf3 Re7 22. Re4 c5 23. Rae1 Nf8 24. R1e2 a6 25. b4 Rd7 26. bxc5 Bxc5 27.
Nc4 Rd5 28. Re5 Kf7 29. Rxd5 exd5 30. Ne5+ Kg7 31. Nd3 b6 32. Re5 Kf6 33. Rxd5
Ke6 34. Rd8 Bd6 35. Nb2 Nd7 36. Nc4 Bc5 37. Re8+ Kd5 38. Ne3+ Kc6 39. Kf1 Kb5
40. Re4 a5 41. Ke2 Bb4 42. Nd5 Bd6 43. h4 Nc5 44. Re8 Kc6 45. Nf6 1-0

[Event "Druzynowe  Mistrzostwa Polski w Szachach - I liga"]
[Site "Poronin-Limba"]
[Date "1899-12-30"]
[Round "1.26"]
[White "Musialkiewicz, Pawel"]
[Black "Pacan-milej, Kosma"]
[Result "1-0"]
[WhiteTitle "FM"]
[BlackTitle "FM"]
[WhiteElo "2266"]
[BlackElo "2316"]

1. d4 d5 2. c4 c6 3. Nf3 Nf6 4. e3 a6 5. Bd3 Bg4 6. Nbd2 e6 7. Qc2 Nbd7 8. b3 Bxf3
9. Nxf3 Bb4+ 10. Bd2 Qe7 11. O-O Bxd2 12. Nxd2 O-O 13. Rac1 h6 14. Rfe1 Rad8 15.
Nf3 Rfe8 16. e4 dxe4 17. Bxe4 Qa3 18. c5 Nxe4 19. Rxe4 Nf6 20. Rh4 g5 21. Rxh6
Kg7 22. Rxf6 Kxf6 23. Qd2 Rd5 24. Rc4 Red8 25. h4 g4 26. Ne5 Rxe5 27. dxe5+ Ke7
28. Qg5+ Ke8 29. Qxg4 Qxa2 30. Qg8+ Ke7 31. Qg5+ Ke8 32. Rf4 Qxb3 33. Qg8+ Kd7
34. Rd4+ 1-0

[Event "Druzynowe  Mistrzostwa Polski w Szachach - I liga"]
[Site "Poronin-Limba"]
[Date "1899-12-30"]
[Round "1.27"]
[White "Kaczmarek, Aleksander"]
[Black "Bardeli, Lukasz"]
[Result "1-0"]
[WhiteTitle "FM"]
[BlackTitle "FM"]
[WhiteElo "2384"]
[BlackElo "2188"]

1. e4 c6 2. d4 d5 3. e5 Bf5 4. Nf3 e6 5. Be2 Nd7 6. O-O h6 7. Be3 Ne7 8. a4 a5
9. Na3 Bg4 10. Bd3 Bf5 11. Be2 Bg4 12. h3 Bxf3 13. Bxf3 Nf5 14. b3 Be7 15. c4
O-O 16. cxd5 exd5 17. Bg4 Nxe3 18. fxe3 Bxa3 19. Rxa3 Qe7 20. Ra2 Rae8 21. Raf2
c5 22. Qd3 Rd8 23. Bd1 g6 24. Rf4 Rc8 25. Bf3 Nb6 26. h4 cxd4 27. exd4 Qb4 28.
Bd1 Rc3 29. Qe2 Rc6 30. Qf2 Qe7 31. h5 g5 32. Rf5 Nd7 33. Bf3 Nb6 34. Bg4 Nd7
35. Qf3 Nb6 36. Qd3 Nd7 37. R5f2 Rb6 38. Qf3 Rb4 39. Qxd5 Nb6 40. Qe4 Rxb3 41.
e6 1-0

[Event "Druzynowe  Mistrzostwa Polski w Szachach - I liga"]
[Site "Poronin-Limba"]
[Date "1899-12-30"]
[Round "1.28"]
[White "Szelag, Zuzanna"]
[Black "Miturova, Magdalena"]
[Result "0-1"]
[WhiteTitle "I++"]
[BlackTitle "WIM"]
[WhiteElo "1835"]
[BlackElo "2188"]

1. e4 e5 2. Nf3 Nc6 3. Bb5 a6 4. Ba4 Nf6 5. Qe2 b5 6. Bb3 Be7 7. c3 O-O 8. O-O
d5 9. exd5 e4 10. Ng5 Na5 11. Nxe4 Nxb3 12. axb3 Nxd5 13. d4 Bb7 14. Nbd2 f5 15.
Nc5 Bxc5 16. dxc5 Nf4 17. Qe3 Qg5 18. g3 Nh3# 0-1